Suomen kunnat aakkosjärjestyksessä - Statistics

Yleistilastot
  • Tätä visaa on pelattu 231 kertaa
    230 viimeisimmän päivityksen jälkeen
  • Keskiarvotulos 78 / 308
Vastaustilastot
Vastaus % Oikein
Akaa
94%
Alajärvi
85%
Alavieska
80%
Alavus
80%
Askola
70%
Brändö
69%
Aura
67%
Geta
67%
Enontekiö
65%
Eura
65%
Eurajoki
65%
Evijärvi
65%
Finström
65%
Föglö
65%
Forssa
65%
Asikkala
63%
Eckerö
63%
Hammarland
61%
Enonkoski
59%
Espoo
59%
Hailuoto
59%
Haapajärvi
57%
Haapavesi
57%
Hankasalmi
54%
Hartola
50%
Heinävesi
50%
Helsinki
50%
Hanko
48%
Hattula
48%
Heinola
48%
Halsua
46%
Hamina
46%
Ii
46%
Iisalmi
46%
Janakkala
46%
Harjavalta
44%
Hollola
44%
Ikaalinen
44%
Ilmajoki
44%
Inkoo
44%
Kaarina
44%
Hausjärvi
43%
Iitti
43%
Joroinen
43%
Jyväskylä
43%
Huittinen
41%
Imatra
41%
Inari
41%
Isojoki
41%
Isokyrö
41%
Jämijärvi
41%
Jämsä
41%
Jokioinen
41%
Joutsa
41%
Juuka
41%
Kankaanpää
41%
Hämeenlinna
39%
Hirvensalmi
39%
Järvenpää
39%
Jomala
39%
Juupajoki
39%
Juva
39%
Kaavi
39%
Kemi
39%
Keminmaa
39%
Hämeenkyrö
37%
Humppila
37%
Ilomantsi
37%
Joensuu
37%
Kangasala
37%
Kannonkoski
37%
Karstula
37%
Kemiönsaari
37%
Hyrynsalmi
35%
Hyvinkää
35%
Kangasniemi
35%
Karijoki
35%
Kauhajoki
35%
Kauniainen
35%
Kemijärvi
35%
Kempele
35%
Kerava
35%
Keuruu
35%
Kalajoki
33%
Kaskinen
33%
Kauhava
33%
Kinnula
33%
Kokkola
33%
Kuhmo
33%
Karkkila
31%
Kouvola
31%
Kuhmoinen
31%
Laihia
31%
Lemi
31%
Kajaani
30%
Karvia
30%
Kittilä
30%
Kivijärvi
30%
Konnevesi
30%
Kotka
30%
Kuopio
30%
Lappeenranta
30%
Lapua
30%
Kannus
28%
Kaustinen
28%
Kuortane
28%
Kuusamo
28%
Lahti
28%
Laitila
28%
Lappajärvi
28%
Lieto
28%
Liminka
28%
Kärsämäki
26%
Keitele
26%
Kihniö
26%
Kiuruvesi
26%
Koski Tl
26%
Kurikka
26%
Kyyjärvi
26%
Lemland
26%
Lumijoki
26%
Masku
26%
Mynämäki
26%
Naantali
26%
Kitee
24%
Kristiinankaupunki
24%
Lapinjärvi
24%
Leppävirta
24%
Loimaa
24%
Lumparland
24%
Luumäki
24%
Maarianhamina
24%
Mäntsälä
24%
Merijärvi
24%
Muurame
24%
Nokia
24%
Oulainen
24%
Oulu
24%
Äänekoski
22%
Kärkölä
22%
Kirkkonummi
22%
Kokemäki
22%
Kontiolahti
22%
Korsnäs
22%
Lapinlahti
22%
Laukaa
22%
Lestijärvi
22%
Lieksa
22%
Mänttä-Vilppula
22%
Mikkeli
22%
Orimattila
22%
Oripää
22%
Petäjävesi
22%
Kökar
20%
Kruunupyy
20%
Kustavi
20%
Lempäälä
20%
Lohja
20%
Loviisa
20%
Luhanka
20%
Luoto
20%
Mäntyharju
20%
Marttila
20%
Merikarvia
20%
Miehikkälä
20%
Muhos
20%
Muonio
20%
Nivala
20%
Orivesi
20%
Padasjoki
20%
Paimio
20%
Parainen
20%
Parikkala
20%
Parkano
20%
Pielavesi
20%
Pori
20%
Pornainen
20%
Kolari
19%
Kumlinge
19%
Liperi
19%
Maalahti
19%
Multia
19%
Nakkila
19%
Nousiainen
19%
Nurmijärvi
19%
Outokumpu
19%
Pedersöre
19%
Pello
19%
Pieksämäki
19%
Pietarsaari
19%
Porvoo
19%
Ähtäri
17%
Loppi
17%
Myrskylä
17%
Närpiö
17%
Nurmes
17%
Paltamo
17%
Pyhäjärvi
17%
Pyhäjoki
17%
Mustasaari
15%
Pelkosenniemi
15%
Pihtipudas
15%
Pudasjärvi
15%
Pyhäranta
15%
Raahe
15%
Ylivieska
15%
Ylöjärvi
15%
Ypäjä
15%
Perho
13%
Pirkkala
13%
Pomarkku
13%
Puolanka
13%
Pyhäntä
13%
Raasepori
13%
Ranua
13%
Reisjärvi
13%
Rusko
13%
Saarijärvi
13%
Seinäjoki
13%
Uusikaupunki
13%
Vantaa
13%
Vöyri
13%
Pälkäne
11%
Polvijärvi
11%
Pyhtää
11%
Rääkkylä
11%
Raisio
11%
Rantasalmi
11%
Rauma
11%
Rautalampi
11%
Rautavaara
11%
Rautjärvi
11%
Riihimäki
11%
Rovaniemi
11%
Ruokolahti
11%
Salla
11%
Saltvik
11%
Sauvo
11%
Siilinjärvi
11%
Tuusula
11%
Vaala
11%
Vaasa
11%
Vimpeli
11%
Ylitornio
11%
Posio
9%
Pukkila
9%
Punkalaidun
9%
Puumala
9%
Ristijärvi
9%
Ruovesi
9%
Salo
9%
Sastamala
9%
Savitaipale
9%
Savonlinna
9%
Savukoski
9%
Siikainen
9%
Siikajoki
9%
Siikalatva
9%
Simo
9%
Tampere
9%
Tohmajärvi
9%
Toholampi
9%
Turku
9%
Tuusniemi
9%
Tyrnävä
9%
Urjala
9%
Utajärvi
9%
Utsjoki
9%
Valkeakoski
9%
Vårdö
9%
Veteli
9%
Pöytyä
7%
Sievi
7%
Sipoo
7%
Siuntio
7%
Sonkajärvi
7%
Sotkamo
7%
Sysmä
7%
Taivalkoski
7%
Taivassalo
7%
Tammela
7%
Teuva
7%
Toivakka
7%
Tornio
7%
Ulvila
7%
Uurainen
7%
Uusikaarlepyy
7%
Varkaus
7%
Vehmaa
7%
Vesilahti
7%
Vihti
7%
Viitasaari
7%
Virolahti
7%
Virrat
7%
Soini
6%
Somero
6%
Sulkava
6%
Sund
6%
Suomussalmi
6%
Suonenjoki
6%
Taipalsaari
6%
Tervo
6%
Tervola
6%
Vieremä
6%
Säkylä
4%
Sodankylä
4%
Sottunga
4%
Vesanto
4%
Ehtoja vastaavia visoja ei löytynyt
Tulosjakauma
Jokaisen tuloksen saaneiden osuus
Persentiili vastausten määrän mukaan
Tuloshistoriasi
Et ole pelannut tätä visaa sen viimeisimmän päivityksen jälkeen